Annual report 1997 [National agency for development of small and medium enterprices]

Na minha lista:
Detalhes bibliográficos
Formato: Livro
Idioma:inglês
Publicado em: Bratislava National agency for development of small and medium enterprices [1998]
Assuntos:
Tags: Adicionar Tag
Sem tags, seja o primeiro a adicionar uma tag!

MARC

LEADER 00000nam a2200000 4500
001 c101860
005 20221221081559.1
020 |a 80-967788-4-6 
041 0 |a eng 
044 |a SK 
245 1 0 |a Annual report 1997  |b [National agency for development of small and medium enterprices] 
264 1 |a Bratislava  |b National agency for development of small and medium enterprices  |c [1998] 
300 |a 28 s. 
610 2 0 |a podnikanie malé 
610 2 0 |a podnikanie stredné 
610 2 0 |a Slovensko